[Event "Challenge"]
[Site "http://www.queenalice.com/game.php?id=285507"]
[Date "2007.10.12"]
[Round "-"]
[White "Lintz"]
[Black "filhoje"]
[Result "1/2-1/2"]
[WhiteElo "1706"]
[BlackElo "1676"]

1. e4 e5 2. Nf3 Nc6 3. Bc4 Nf6 4. Ng5 d5 5. exd5 Nxd5 6. Nxf7 Kxf7 7. Qf3+ Ke7
8. Qxd5 Qxd5 9. Bxd5 Nd4 10. Be4 Be6 11. c3 Nc6 12. Bxc6 bxc6 13. O-O g6 14. b3
Bg7 15. Bb2 Rhd8 16. c4 a5 17. f4 Kd6 18. Nc3 Bf5 19. Na4 Ke6 20. Nc5+ Kf7 21.
fxe5 Ke7 22. d4 Rab8 23. Ba3 Ke8 24. Bb2 Bh6 25. Rfe1 Bd2 26. Re2 Bb4 27. Na6
Rbc8 28. Nxb4 axb4 29. h3 h5 30. e6 Ke7 31. Kh2 Rf8 32. Rae1 Rcd8 33. d5 cxd5
34. cxd5 Rxd5 35. Bg7 Re8 36. h4 Bg4 37. Rf2 Bxe6 38. Rf6 Kd7 39. Rxg6 Bf7 40.
Rxe8 Kxe8 41. Ra6 c5 42. Ra8+ Ke7 43. Ra7+ Ke6 44. Bf8 Bg6 45. Rc7 1/2-1/2

[Event "Challenge"]
[Site "http://www.queenalice.com/game.php?id=286708"]
[Date "2007.10.15"]
[Round "-"]
[White "Alex_Gatinho"]
[Black "filhoje"]
[Result "0-1"]
[WhiteElo "1466"]
[BlackElo "1663"]

1. d4 d5 2. Nc3 c5 3. Nf3 Nc6 4. e4 Bg4 5. g3 Nxd4 6. Bg2 e6 7. O-O Qf6 8. exd5
O-O-O 9. Bg5 Qf5 10. Bxd8 Nxf3+ 11. Kh1 Nxh2 12. Qd3 Qh5 13. Rfe1 Be7 14. Bxe7
Nxe7 15. dxe6 Nf3+ 16. Bh3 Qxh3# 0-1

[Event "Challenge"]
[Site "http://www.queenalice.com/game.php?id=286727"]
[Date "2007.10.15"]
[Round "-"]
[White "filhoje"]
[Black "cristiana"]
[Result "0-1"]
[WhiteElo "1694"]
[BlackElo "1526"]

1. d4 d5 2. c4 Nf6 3. Bf4 Bf5 4. Nc3 e6 5. Qb3 c6 6. Qxb7 Nbd7 7. Qxc6 Bb4 8.
Nf3 Ne4 9. a3 Ba5 10. b4 Bb6 11. cxd5 O-O 12. Rc1 h6 13. Ne5 exd5 14. f3 Qh4+
15. g3 Nxg3 16. Rg1 Qxf4 17. Nxd5 Qh4 18. hxg3 Qxd4 19. Rg2 Qxe5 20. e4 Rac8 21.
Qa4 Rxc1+ 22. Ke2 Qb2+ 23. Kd3 Ne5# 0-1

[Event "Challenge"]
[Site "http://www.queenalice.com/game.php?id=286778"]
[Date "2007.10.15"]
[Round "-"]
[White "filhoje"]
[Black "Alex_Gatinho"]
[Result "1/2-1/2"]
[WhiteElo "1683"]
[BlackElo "1309"]

1. d4 Nf6 2. g3 d6 3. Bg2 Nbd7 4. Nh3 g6 5. c3 Bg7 6. Qb3 O-O 7. O-O c5 8. e3
Qb6 9. Na3 Qxb3 10. axb3 b6 11. Bxa8 cxd4 12. cxd4 Ng4 13. Nb5 1/2-1/2

[Event "Challenge"]
[Site "http://www.queenalice.com/game.php?id=286780"]
[Date "2007.10.15"]
[Round "-"]
[White "filhoje"]
[Black "edsonholanda"]
[Result "1-0"]
[WhiteElo "1693"]
[BlackElo "1553"]

1. d4 d5 2. c4 dxc4 3. Nc3 Nf6 4. e4 e6 5. Bxc4 Bb4 6. e5 Ne4 7. f3 Nxc3 8. Qb3
Nxa2+ 9. Bd2 Bxd2+ 10. Kxd2 Qg5+ 11. Kc2 O-O 12. Rxa2 Qxg2+ 13. Ne2 Qxh1 14. f4
b6 15. Qh3 c5 16. Ng3 Qe1 17. Qg2 Ba6 18. Bxa6 Nxa6 19. Rxa6 cxd4 20. Nh5 g6 21.
Nf6+ Kh8 22. Ra3 Rfc8+ 23. Kb3 Qe3+ 24. Ka2 Qxf4 25. Qh3 h5 26. Nxh5 gxh5 27.
Qxh5+ Kg7 28. Rg3+ Kf8 29. Rg7 Ke7 30. Rg4 Qf5 31. Qh4+ Kd7 32. Rxd4+ Kc7 33.
Qe1 a5 34. Qc1+ Kb7 35. Rd7+ Kb8 36. Qe3 Ra6 37. Qe2 f6 38. Qxa6 Rc7 39. Qxb6+
Ka8 40. Rd8+ 1-0

[Event "Revanche 1"]
[Site "http://www.queenalice.com/game.php?id=288150"]
[Date "2007.10.17"]
[Round "-"]
[White "marcosbratz"]
[Black "filhoje"]
[Result "1-0"]
[WhiteElo "1682"]
[BlackElo "1677"]

1. e4 e5 2. Nf3 Nc6 3. Bb5 Nf6 4. O-O Bc5 5. c3 Nxe4 6. d4 exd4 7. Bxc6 dxc6 8.
cxd4 Bg4 9. dxc5 Nxc5 10. Re1+ Ne6 11. Nc3 O-O 12. Qe2 Re8 13. Bg5 Nxg5 14.
Qxe8+ Qxe8 15. Rxe8+ Rxe8 16. Nxg5 b5 17. f3 b4 18. Nce4 Bf5 19. Re1 f6 20.
Nxf6+ gxf6 21. Rxe8+ Kg7 22. Ne6+ Kf7 23. Nxc7 Bd7 24. Ra8 Ke7 25. Rxa7 Kd6 26.
Na6 h5 27. Nxb4 c5 28. Nc2 Bf5 29. Ne3 Be6 30. a4 Bd7 31. a5 Kc6 32. Nc4 Kb5 33.
Rxd7 1-0

[Event "Match 1º"]
[Site "http://www.queenalice.com/game.php?id=288212"]
[Date "2007.10.17"]
[Round "-"]
[White "Alex_Gatinho"]
[Black "filhoje"]
[Result "0-1"]
[WhiteElo "1413"]
[BlackElo "1688"]

1. e4 e5 2. d4 Nc6 3. Nf3 d5 4. dxe5 Qe7 5. Qxd5 Bg4 6. Bb5 Rb8 7. Ng5 h6 8.
Nxf7 Be6 9. Bxc6+ bxc6 10. Qxc6+ Kxf7 11. Nc3 Rb6 12. Qa8 Qc5 13. Na4 Qb4+ 14.
Nc3 Rb7 15. Qd8 Qc5 16. Bf4 Rxb2 17. Nd5 Bxd5 18. exd5 Qc3+ 19. Ke2 Qxc2+ 20.
Kf3 Qxf2+ 21. Ke4 Qe2+ 22. Kf5 g6# 0-1

[Event "Match 2º"]
[Site "http://www.queenalice.com/game.php?id=288213"]
[Date "2007.10.17"]
[Round "-"]
[White "Alex_Gatinho"]
[Black "filhoje"]
[Result "0-1"]
[WhiteElo "1576"]
[BlackElo "1664"]

1. d4 d5 2. c4 dxc4 3. e4 b5 4. Nc3 a6 5. d5 g6 6. Nf3 c6 7. dxc6 Nxc6 8. Qxd8+
Nxd8 9. Nd5 Ne6 10. Ng5 Nd4 11. Nb6 h6 12. Nxa8 Nc2+ 13. Kd2 Nxa1 14. b3 cxb3
15. Bb2 f6 16. Nf3 Nc2 17. axb3 Nb4 18. Nd4 Bb7 19. Nb6 Bxe4 20. f3 Bb7 21. Ne6
h5 22. Bd3 Bh6+ 23. Ke2 Kf7 24. Nd8+ Kg7 25. Nxb7 e5 26. Nc5 Ne7 27. Ne6+ Kf7
28. Nc7 Rd8 29. Be4 Rd2+ 30. Ke1 Rxb2 31. g4 h4 32. Ncd5 Be3 33. Nxb4 Bxb6 34.
Bd5+ Nxd5 35. Nxd5 Bf2+ 36. Kd1 Rb1+ 37. Ke2 Rxh1 38. Kxf2 Rxh2+ 39. Kg1 Rd2 40.
Nc7 Rd3 41. Kg2 a5 42. Kh3 g5 43. Nxb5 Rxb3 44. Nd6+ Ke6 45. Ne4 a4 46. Nc5+ Kd5
47. Nxa4 Rxf3+ 48. Kg2 e4 49. Nb6+ Kd4 50. Nd7 Rg3+ 51. Kf2 e3+ 0-1

[Event "Challenge"]
[Site "http://www.queenalice.com/game.php?id=288214"]
[Date "2007.10.17"]
[Round "-"]
[White "Alex_Gatinho"]
[Black "filhoje"]
[Result "0-1"]
[WhiteElo "1418"]
[BlackElo "1683"]

1. c4 d5 2. d3 g6 3. Nf3 Bg7 4. Nc3 d4 5. Nd5 b5 6. Nxd4 Bxd4 7. Qb3 Bb7 8.
Qxb5+ Bc6 9. Qb4 e6 10. Nf4 Ne7 11. e4 O-O 12. Ne2 Bg7 13. Bg5 f6 14. Bh4 Qxd3
15. Qxe7 Qxe4 16. Bg3 f5 17. f3 Qe3 18. Bxc7 Bxb2 19. Rd1 Bc3+ 20. Rd2 Bxd2+ 21.
Kd1 Ba4# 0-1

[Event "Match 4º"]
[Site "http://www.queenalice.com/game.php?id=288215"]
[Date "2007.10.17"]
[Round "-"]
[White "filhoje"]
[Black "Alex_Gatinho"]
[Result "1-0"]
[WhiteElo "1686"]
[BlackElo "1421"]

1. Nf3 Nc6 2. Nc3 Nf6 3. g3 d5 4. d4 Ng4 5. Bg2 e5 6. dxe5 Ncxe5 7. Nxe5 Nxe5 8.
Bxd5 c6 9. Bf4 Ng6 10. Bg2 Qxd1+ 11. Nxd1 Bg4 12. Ne3 Be6 13. O-O O-O-O 14. b3
Rd2 15. Bf3 Bh3 16. Nc4 Rxc2 17. Rfd1 Bc5 18. Bd6 b6 19. Bxc5 bxc5 20. Bxc6 Rxe2
21. Rd7 Rhe8 22. Rdd1 R8e6 23. Bd7+ Kc7 24. Bxe6 fxe6 25. a4 Kc6 26. f3 Rg2+ 27.
Kh1 Ne7 28. Rd6+ Kc7 29. Rad1 Nf5 30. Rxe6 Nxg3+ 31. hxg3 Rxg3 32. Re7+ Kc6 33.
Rd6# 1-0

[Event "Challenge"]
[Site "http://www.queenalice.com/game.php?id=288216"]
[Date "2007.10.17"]
[Round "-"]
[White "filhoje"]
[Black "Alex_Gatinho"]
[Result "1-0"]
[WhiteElo "1681"]
[BlackElo "1415"]

1. g3 f5 2. Bg2 e5 3. e4 f4 4. Qh5+ g6 5. Qxe5+ Qe7 6. Qxh8 Nf6 7. b3 Qg7 8.
Qxg7 Bxg7 9. gxf4 Ng4 10. e5 d6 11. h3 Nxe5 12. fxe5 Bxe5 13. c3 Nc6 14. Nf3 Bf5
15. O-O O-O-O 16. Ng5 h5 17. d4 Bf6 18. f4 Re8 19. Na3 Nxd4 20. cxd4 Bxd4+ 21.
Kh2 Bxa1 22. Nb5 a6 23. Na3 b5 24. Bd2 Bb2 25. Nc2 Bxc2 26. Bc6 Re2+ 27. Kg3
Rxd2 28. Re1 Rd1 29. Re8# 1-0

[Event "Match 5º"]
[Site "http://www.queenalice.com/game.php?id=288217"]
[Date "2007.10.17"]
[Round "-"]
[White "filhoje"]
[Black "Alex_Gatinho"]
[Result "0-1"]
[WhiteElo "1691"]
[BlackElo "1416"]

1. d4 Nf6 2. g3 d5 3. Bg2 Nc6 4. e3 Bg4 5. Bf3 Qd7 6. h3 Bxf3 7. Nxf3 Ne4 8. O-O
O-O-O 9. c3 f6 10. Na3 e5 11. Nb5 a6 12. Na3 exd4 13. exd4 Qxh3 14. Nd2 Nxg3 15.
fxg3 Qxg3+ 16. Kh1 Bd6 17. Nf3 g5 18. Qe2 Rhe8 19. Qg2 Qxg2+ 20. Kxg2 Re2+ 21.
Kg1 Rde8 22. b4 b5 23. Nd2 Rh2 24. Nf3 Rhe2 25. Nd2 R8e3 26. Rxf6 Rg3+ 27. Kf1
Rgg2 28. Nc2 h5 29. Nf3 Rxc2 30. Bxg5 Ne5 31. dxe5 Bxe5 32. Nxe5 Rh2 33. Re1
Rh1# 0-1

[Event "Challenge"]
[Site "http://www.queenalice.com/game.php?id=291658"]
[Date "2007.10.23"]
[Round "-"]
[White "filhoje"]
[Black "debia"]
[Result "1-0"]
[WhiteElo "1681"]
[BlackElo "1592"]

1. e4 e5 2. Nf3 Qf6 3. d4 Bd6 4. Nc3 c6 5. Be3 h6 6. Qe2 Na6 7. O-O-O Qe6 8.
dxe5 Be7 9. g3 Nb4 10. Kb1 b6 11. a3 Na6 12. Rd4 c5 13. Rd3 Bb7 14. Qd2 Rd8 15.
Bg2 c4 16. Rd4 Bc6 17. b4 cxb3 18. Qd3 Nc5 19. Qc4 Qg6 20. cxb3 a6 21. Rhd1 b5
22. Qe2 Nxb3 23. R4d3 Bxa3 24. Nd5 Qxe4 25. Nh4 Qxe5 26. Rxb3 Be7 27. Rbd3 Bc5
28. Nf3 Qe4 29. Bxc5 Qxe2 30. Nc7# 1-0

[Event "Challenge"]
[Site "http://www.queenalice.com/game.php?id=305479"]
[Date "2007.11.17"]
[Round "-"]
[White "filhoje"]
[Black "Lintz"]
[Result "0-1"]
[WhiteElo "1699"]
[BlackElo "1751"]

1. d4 Nf6 2. Bg5 e6 3. Bxf6 Qxf6 4. e4 e5 5. Nf3 d6 6. Nc3 Bg4 7. Nd5 Qd8 8. Qd3
c6 9. Nc3 Nd7 10. h3 Bh5 11. g4 Bg6 12. O-O-O Be7 13. Kb1 b5 14. Bg2 d5 15. Rd2
b4 16. Nxd5 cxd5 17. Qb5 O-O 18. Qxd5 exd4 19. Nxd4 Nb6 20. Qb3 Qc7 21. e5 Rad8
22. f4 h6 23. f5 Bh7 24. e6 f6 25. Rhd1 a6 26. a3 Nc4 27. Rd3 Na5 28. Qa4 Nc4
29. axb4 Qb6 30. b3 Ne5 31. R3d2 Rfe8 32. c4 Bxb4 33. Bc6 Nxc6 34. Rd3 Nxd4 35.
Rxd4 a5 36. Rd5 Kh8 37. e7 Bxe7 38. Re1 Bg8 39. Rxa5 Qf2 40. Re4 Rd1# 0-1

[Event "Challenge"]
[Site "http://www.queenalice.com/game.php?id=311451"]
[Date "2007.11.28"]
[Round "-"]
[White "wellcome"]
[Black "filhoje"]
[Result "0-1"]
[WhiteElo "1539"]
[BlackElo "1696"]

1. e4 e5 2. Nc3 Nf6 3. f3 Bc5 4. Bc4 O-O 5. a4 d6 6. b3 Nc6 7. Ba3 Nd4 8. Bxc5
dxc5 9. Nge2 Nh5 10. Nxd4 cxd4 11. Nd5 c6 12. Nb4 Qg5 13. g4 Nf4 14. h4 Qf6 15.
Bf1 c5 16. g5 Qb6 17. Nd5 Nxd5 18. exd5 Bf5 19. h5 f6 20. gxf6 Rxf6 21. d3 Rd8
22. c4 Qa5+ 23. Qd2 Qb6 24. Rb1 h6 25. Rg1 Qd6 26. Qg2 g5 27. b4 cxb4 28. Qd2 a5
29. Be2 Bd7 30. Rc1 Bxa4 31. Ra1 Qd7 32. Bd1 b5 33. Bxa4 bxa4 34. Qe2 Rdf8 35.
Qxe5 Re8 36. Qxe8+ Qxe8+ 37. Kf2 Qe3+ 0-1

[Event "Challenge"]
[Site "http://www.queenalice.com/game.php?id=311453"]
[Date "2007.11.28"]
[Round "-"]
[White "filhoje"]
[Black "wellcome"]
[Result "1-0"]
[WhiteElo "1685"]
[BlackElo "1553"]

1. e4 e5 2. Nf3 f6 3. Bc4 Bd6 4. O-O b6 5. d4 Ba6 6. b3 Ne7 7. Nc3 Bxc4 8. bxc4
exd4 9. Qxd4 O-O 10. Nd5 Nxd5 11. Qxd5+ Rf7 12. Qxa8 f5 13. Qd5 c6 14. Qxd6 fxe4
15. Ng5 Rf8 16. Nxe4 Re8 17. Nf6+ Qxf6 18. Bf4 Qxd6 19. Bxd6 Na6 20. g3 Re6 21.
Rad1 Re2 22. Ba3 Rxc2 23. Rxd7 Rxa2 24. Re1 h6 25. Re8+ Kh7 26. Bf8 Kg6 27.
Rxg7+ Kf6 28. Rxa7 Ra1+ 29. Kg2 Re1 30. Bg7+ Kg6 31. Rxe1 Nb8 32. Re6+ Kf5 33.
Rxh6 1-0

[Event "jogada de hoje ?"]
[Site "http://www.queenalice.com/game.php?id=328325"]
[Date "2007.12.30"]
[Round "-"]
[White "Kleber_Willian"]
[Black "filhoje"]
[Result "1-0"]
[WhiteElo "1707"]
[BlackElo "1710"]

1. e4 e5 2. Nf3 Nc6 3. d4 Nf6 4. Nc3 Bb4 5. Qd3 Nxd4 6. Nxd4 Bxc3+ 7. Qxc3 exd4
8. Qxd4 O-O 9. e5 Qe7 10. Be3 c5 11. exf6 Qxf6 12. Qxf6 gxf6 13. Bxc5 Re8+ 14.
Be3 b6 15. O-O-O Re5 16. Bd3 Bb7 17. b3 Kh8 18. Bd4 Re6 19. f3 Kg8 20. Rhe1 Rd6
21. Bb2 Rc8 22. Bxh7+ Kxh7 23. Rxd6 f5 24. Rxd7 Bc6 25. Rxf7+ Kg6 26. Rxa7 Rg8
27. Re6+ 1-0

[Event "Challenge"]
[Site "http://www.queenalice.com/game.php?id=333578"]
[Date "2008.1.9"]
[Round "-"]
[White "Lintz"]
[Black "filhoje"]
[Result "0-1"]
[WhiteElo "1788"]
[BlackElo "1706"]

1. d4 f5 2. g3 g6 3. Bg2 Bg7 4. Nf3 d6 5. Nc3 Nc6 6. O-O e5 7. dxe5 Nxe5 8. Qd3
Nxd3 9. exd3 Ne7 10. Bg5 O-O 11. Nd5 Qd7 12. Nxe7+ Kh8 13. Nd5 Bxb2 14. Rab1 Bg7
15. Bd2 b6 16. a3 Bb7 17. Ne3 d5 18. d4 Qa4 19. Nxd5 Bxd5 0-1

[Event "Challenge"]
[Site "http://www.queenalice.com/game.php?id=336906"]
[Date "2008.1.15"]
[Round "-"]
[White "valdenicio"]
[Black "filhoje"]
[Result "0-1"]
[WhiteElo "1648"]
[BlackElo "1694"]

1. d4 d5 2. Nf3 Nf6 3. Bf4 Bf5 4. e3 e6 5. Bd3 Be4 6. Bxe4 Nxe4 7. Nbd2 f5 8.
Nxe4 fxe4 9. Ne5 Bd6 10. Qh5+ g6 11. Nxg6 hxg6 12. Qxh8+ Kd7 13. Qxd8+ Kxd8 14.
Bxd6 cxd6 15. h4 Nc6 0-1

[Event "Challenge"]
[Site "http://www.queenalice.com/game.php?id=343027"]
[Date "2008.1.26"]
[Round "-"]
[White "filhoje"]
[Black "Lintz"]
[Result "0-1"]
[WhiteElo "1725"]
[BlackElo "1760"]

1. d4 d5 2. c4 c5 3. Nc3 e6 4. Bf4 Nf6 5. Qa4+ Bd7 6. Qb3 Bc6 7. O-O-O Be7 8.
Nf3 Nbd7 9. Ne5 Nxe5 10. Bxe5 b6 11. g3 dxc4 12. Qxc4 Bxh1 13. f3 O-O 14. Bh3
Bxf3 15. exf3 cxd4 16. Rxd4 Qc8 17. Qa4 Qe8 18. Qa6 Nd7 19. Nb5 Nxe5 20. Nc7 Rc8
0-1